000 00306nam a2200133Ia 4500
008 240624s9999 xx 000 0 und d
041 _aeng
082 _a813.6 ABB
100 _aABBOTT JEFF
245 _aPANIC
260 _c2005
_aLondon
_bTime Warner books
300 _a408 : p. : cm. ; 17
365 _cBPS
999 _c3836
_d3836